000 01545nam a2200325Ia 4500
001 ebr10141909
003 CaPaEBR
006 m u
007 cr cn|||||||||
008 861114s1986 onca sb 001 0 eng d
020 _z0773511032
020 _z0773505822
040 _aCaPaEBR
_cCaPaEBR
035 _a(OCoLC)144143870
050 1 4 _aTX144
_b.M37 1986eb
100 1 _aMarkham, Gervase,
_d1568?-1637.
245 1 4 _aThe English housewife
_h[electronic resource] /
_cGervase Markham ; edited by Michael R. Best.
260 _aKingston, [Ont.] :
_bMcGill-Queen's University Pr.,
_cc1986.
300 _alviii, 321 p. :
_bill.
500 _aSubtitle: Containing the inward and outward virtues which ought to be in a complete woman; as her skill in physic, cookery, banqueting-stuff, distillation, perfumes, wool, hemp, flax, dairies, brewing, baking, and all other things belonging to a household.
504 _aIncludes bibliography, index and glossary.
533 _aElectronic reproduction.
_bPalo Alto, Calif. :
_cebrary,
_d2011.
_nAvailable via World Wide Web.
_nAccess may be limited to ebrary affiliated libraries.
650 0 _aHome economics
_zEngland
_vEarly works to 1800.
650 0 _aCookbooks
_zEngland
_vEarly works to 1800.
650 0 _aCooking
_zEngland
_vEarly works to 1800.
655 7 _aElectronic books.
_2local
700 1 _aBest, Michael R.
710 2 _aebrary, Inc.
856 4 0 _uhttp://site.ebrary.com/lib/rucke/Doc?id=10141909
_zAn electronic book accessible through the World Wide Web; click to view
999 _c90070
_d90070